Countries Where Football Isn't The Most Popular Sport - Statistics

General Stats
  • This quiz has been taken 3,415 times
    3,190 since last reset
  • The average score is 27 of 48
Answer Stats
Hint Country % Correct
Cricket India
95%
Ice Hockey Canada
92%
_______n Football United States
91%
_________n Rules Football Australia
90%
Baseball Japan
84%
Rugby Union New Zealand
83%
Basketball China
82%
Cricket Pakistan
82%
Gaelic Football Ireland
72%
Cricket Bangladesh
68%
Baseball Cuba
68%
Baseball South Korea
68%
Ice hockey Finland
67%
Athletics Jamaica
67%
Wrestling Mongolia
67%
Cricket Afghanistan
63%
Rugby Union Fiji
63%
Archery Bhutan
62%
Baseball Dominican Republic
60%
Cricket Nepal
60%
Cricket Sri Lanka
60%
Rugby Union Samoa
57%
Basketball Lithuania
53%
Rugby Union Tonga
53%
Ice Hockey Latvia
51%
_______n Football Bahamas
50%
Basketball Estonia
50%
Cricket Antigua and Barbuda
49%
Cricket Barbados
49%
Cricket Saint Kitts and Nevis
49%
Cricket Saint Lucia
49%
Cricket Trinidad and Tobago
48%
Athletics Federated States of Micronesia
47%
_________n Rules Football Nauru
47%
Rugby League Papua New Guinea
47%
Basketball Philippines
47%
Cricket Saint Vincent and the Grenadines
47%
Motorsport Monaco
46%
Baseball Palau
46%
Baseball Taiwan
46%
Cricket Grenada
43%
Baseball Venezuela
41%
Baseball Panama
37%
Cricket Guyana
35%
Rugby Union Madagascar
30%
Baseball Nicaragua
28%
Basketball Seychelles
23%
Ice Hockey Slovakia
23%
No matching quizzes found
Score Distribution
Percent of People with Each Score
Percentile by Number Answered
Your Score History
You have not taken this quiz since the last reset